Visualizzazione normale
Vista MARC
- Dzierlatka Arie
di Personal Name
Records bibliografici associati: 1
001 - CONTROL NUMBER
- control field: 40354
003 - CONTROL NUMBER IDENTIFIER
- control field: IT-RoPau
005 - DATE AND TIME OF LATEST TRANSACTION
- control field: 20151126150628.0
008 - FIXED-LENGTH DATA ELEMENTS
- fixed length control field: 151126|| aca||aabn | a|a d
040 ## - CATALOGING SOURCE
- Original cataloging agency: IT-RoPau
- Transcribing agency: IT-RoPau
100 ## - HEADING--PERSONAL NAME
- Personal name: Dzierlatka Arie
- Relator term: (musica)
- Miscellaneous information: Codice Musica SPICS: 29791
670 ## - SOURCE DATA FOUND
- Source citation: Work cat.: (IT-RoPau)105252: Resnais Alain Codice regista SPICS: 2111 40352, MON ONCLE D'AMERIQUE MON ONCLE D'AMERIQUE (Rif. Codice opera principale : H7469)